000 005600000a22001810004500
003 MACL
005 20160209124755.0
008 160209b xxu||||| |||| 00| 0 eng d
040 _aMACL
_cMACL
041 _aHindi
082 _a100
100 _aसहाय डाक्‍टर महाजोत
_937427
245 _aजीववृत्ति विज्ञान
260 _bहिंदुस्‍तानी एकेडेमी
_c1939
_aइलाहाबाद
350 _a2
650 _aPhilosophy
_937428
942 _cHIN
_k100
_2ddc
999 _c25294
_d25294